ESSENTIALS OF E- COMMERCE THECHNOLOHGY (Record no. 8933)

MARC details
000 -LEADER
fixed length control field 00464nam a22001577a 4500
003 - CONTROL NUMBER IDENTIFIER
control field SGT
020 ## - INTERNATIONAL STANDARD BOOK NUMBER
International Standard Book Number 9788120339378
082 ## - DEWEY DECIMAL CLASSIFICATION NUMBER
Classification number 380.142,RAJ
100 ## - MAIN ENTRY--PERSONAL NAME
Personal name COMMERCE
245 ## - TITLE STATEMENT
Title ESSENTIALS OF E- COMMERCE THECHNOLOHGY
260 ## - PUBLICATION, DISTRIBUTION, ETC. (IMPRINT)
Place of publication, distribution, etc NEW DELHI
Name of publisher, distributor, etc PHI
Year of Publication 2011
300 ## - PAGE DESCRIPTION
No. of Pages 246
650 ## - SUBJECT ADDED ENTRY--TOPICAL TERM
Topical term or geographic name as entry element COMMERCE
653 ## - KEYWORDS--INDEX TERM
Keyword term WHAT IS ELECTRONIC COMMERCE,INFRASTRUCTURE FOR E-COMMERCE,NETWORK SERVICES,SECURE MESSAGING,PAYMENT,SYSTEM IN E- COMMERCE,M-COMMERCE
942 ## - ADDED ENTRY ELEMENTS (KOHA)
Source of classification or shelving scheme Dewey Decimal Classification
Koha item type FCM Books

No items available.